Desciende, Moises (Registro nro. 35712)
[ vista simple ]
| 000 -CABECERA | |
|---|---|
| Longitud fija campo de control | 00757nam a2200253 i 4500 |
| 003 - • IDENTIFICADOR DELl NÚMERO DE CONTROL | |
| Identificador del número de control | CO-ViMGA |
| 005 - • FECHA Y HORA DE LA ÚLTIMA TRANSACCIÓN | |
| Fecha y hora de la última transacción | 20230915233139.0 |
| 008 - • CÓDIGOS DE INFORMACIÓN DE LONGITUD FIJA | |
| Códigos de información de longitud fija | 920821s1990 sp | | spa d |
| 020 ## - • NÚMERO INTERNACIONAL NORMALIZADO PARA LIBROS | |
| Número Internacional Normalizado para Libros (ISBN) | 8437609208 |
| 040 ## - FUENTE DE LA CATALOGACIÓN | |
| Centro catalogador de origen | CO-ViMGA |
| Lengua de catalogación | spa |
| Centro transcriptor | CO-ViMGA |
| 041 1# - • CÓDIGO DE LENGUA | |
| Código de lengua original | eng |
| 082 04 - • NÚMERO DE LA CLASIFICACIÓN DECIMAL DEWEY | |
| Número de clasificación (R) | 813 |
| Número del ítem | F15d |
| 100 1# - • PUNTO DE ACCESO PRINCIPAL-NOMBRE DE PERSONA | |
| Nombre de persona | Faulkner, William |
| Fechas asociadas al nombre | 1897-1962 |
| 240 10 - • TÍTULO UNIFORME | |
| Título uniforme | <a href="Go down, Moses">Go down, Moses</a> |
| 245 10 - • TITULO PROPIAMENTE DICHO | |
| Título | Desciende, Moises |
| Medio | [Texto impreso] |
| Mención de responsabilidad, etc. | William Faulkner ; edicion de Javier Coy ; traduccion de Mara̕ Coy |
| 300 ## - • DESCRIPCIÓN FÍSICA | |
| Extensión | 390 p. : |
| Dimensiones | 18 cm. |
| 490 ## - • MENCIÓN DE SERIE | |
| Mención de serie | Letras universales |
| 650 14 - • PUNTO DE ACCESO ADICIONAL DE MATERIA - TÉRMINO DE MATERIA | |
| Término de materia o nombre geográfico como elemento inicial | Novela estadounidense |
| 700 1# - • PUNTO DE ACCESO ADICIONAL - NOMBRE DE PERSONA | |
| Nombre de persona | Coy, Javier |
| 700 1# - • PUNTO DE ACCESO ADICIONAL - NOMBRE DE PERSONA | |
| Nombre de persona | Coy, Maria |
| 942 ## - ENTRADA DE ELEMENTOS AGREGADOS (KOHA) | |
| Fuente de clasificaión o esquema | Dewey Decimal Classification |
| Koha [por defecto] tipo de item | LIbro |
| Perdido | Fuente de clasificación o esquema | Estado Físico | No para préstamo | Forma de adquisición | Localización permanente | Localización actual | Fecha adquisición | Préstamos totales | Signatura completa | Código de barras | Fecha última consulta | Número de copia | Fecha del precio de reemplazo | Tipo de item de Koha |
|---|---|---|---|---|---|---|---|---|---|---|---|---|---|---|
| Dewey Decimal Classification | Sala General Segundo Piso | Biblioteca Pública Germán Arciniegas - Villavicencio | Biblioteca Pública Germán Arciniegas - Villavicencio | 08/25/2016 | 813 F15d | 30949 | 08/25/2016 | Ej. 1 | 08/25/2016 | LIbro |